000
00352 a2200169 4500
001
184304
020
_a
85-08-07148-5
040
_c
Magnum
100
_a
Bandeira, Pedro
240
1
0
_a
A hora da verdade
_l
por
245
1
0
_a
A hora da verdade
300
_a
168
362
0
_a
2002
440
1
_a
Ática
697
_a
LITERATURA JUVENIL
942
_c
BK
999
_c
184304
_d
184304